| 000 | 00683nam a2200193 i 4500 | ||
|---|---|---|---|
| 001 | 150847 | ||
| 003 | ES-MaACL | ||
| 005 | 20251113140547.0 | ||
| 007 | t| | ||
| 008 | 071114q18501899fr ||||1| fre d | ||
| 100 | 0 |
_aErckmann-Chatrian. _947367 |
|
| 245 | 1 | 0 |
_aSouvenirs d'un ancien chef de chantier a l'isthme de Suez / _cErckmann-Chatrian] ; illustrées de 16 dessins par Riou ; gravures par Charles Barbant. |
| 260 |
_aParis : _bJ. Hetzel, _c187-?] |
||
| 300 |
_a64 p. : _bil. ; _c28 cm. |
||
| 700 | 1 |
_aRiou, Édouard, _d1833-1900 _997410 |
|
| 700 | 1 |
_aBarbant, Charles. _925381 |
|
| 852 |
_aES-MaACL _jC-1916(3) _q. - Encuadernado con otras obras |
||
| 999 |
_c150847 _d150847 |
||